Statistics for Fast Typing Hebrew

Click here to take the quiz!

General Stats

  • This quiz has been taken 190 times
    (174 since last reset)
  • The average score is 14 of 22

Answer Stats

HintAnswer% Correct
אא
96%
בב
84%
גג
81%
דד
79%
וו
73%
חח
71%
הה
69%
יי
67%
לל
67%
טט
66%
ככ
66%
זז
64%
ממ
61%
עע
60%
ננ
56%
קק
56%
פפ
53%
רר
53%
שש
51%
סס
50%
צצ
47%
תת
43%

Score Distribution

Percentile by Number Answered

Percent of People with Each Score

Your Score History

You have not taken this quiz since the last reset